Barok a rokoko /

Gespeichert in:
Bibliographische Detailangaben
1. Verfasser: Kitson, Michael (Verfasst von)
Format: Buch
Sprache:Slowakisch
Veröffentlicht: Bratislava : Pallas, 1972
Ausgabe:1. vydanie
Schriftenreihe:Umenie sveta
Schlagworte:
Tags: Tag hinzufügen
Keine Tags, Fügen Sie das erste Tag hinzu!

MARC

LEADER 00000nam a22000003a 4500
001 0082748
003 SK-STU
005 20200807120042.9
007 ta
008 200807s ----xo-----e------000-0-----d
040 |a STU  |b slo 
041 0 |a slo 
044 |a xo 
100 1 |a Kitson, Michael  |4 aut 
245 1 0 |a Barok a rokoko /  |c aut. Michael Kitson 
250 |a 1. vydanie 
260 |a Bratislava :  |b Pallas,  |c 1972 
300 |a 192 s.,  |b 200 reprodukcií, 100 farebných 
490 0 |a Umenie sveta 
500 |a Architektúra, sochárstvo, výzdoba interiérov, portréty, krajiny 
650 0 7 |a baroková architektúra 
650 0 7 |a klasicizmus 
650 0 7 |a realizmus 
650 0 7 |a rokoko 
650 0 7 |a neoklasicizmus 
650 0 7 |a sochárstvo 
650 0 7 |a interiér 
650 0 7 |a maľba 
996 |b 284AU08450  |c A* 11710/U  |l AAKNAR  |s A  |a 24  |w 0082748_0001